Siquier
Tallennettuna:
| Päätekijät: | , , |
|---|---|
| Aineistotyyppi: | Kirja |
| Kieli: | espanja |
| Julkaistu: |
Buenos Aires
Adriana Hidalgo Editora
2011
|
| Painos: | 1a. ed |
| Sarja: | Los Sentidos - Colección Ruth Benzacar
|
| Aiheet: | |
| Tagit: |
Lisää tagi
Ei tageja, Lisää ensimmäinen tagi!
|
MARC
| LEADER | 00000cam a2200000 a 4500 | ||
|---|---|---|---|
| 001 | UCB0203 | ||
| 003 | CL-VaPUC | ||
| 005 | 20230116123412.0 | ||
| 008 | 191220e20110000ag spa d | ||
| 999 | |c 375863 |d 375861 | ||
| 020 | |a 9789871556540 | ||
| 040 | |c Pontificia Universidad Católica de Valparaíso | ||
| 082 | 0 | 4 | |a 750.82 TAB 2011 |2 21 |
| 100 | 1 | |a Tabarovsky, Damián |e author |9 604819 | |
| 245 | 1 | 0 | |a Siquier |
| 250 | |a 1a. ed | ||
| 260 | |a Buenos Aires |b Adriana Hidalgo Editora |c 2011 | ||
| 300 | |a 152 p | ||
| 490 | 0 | |a Los Sentidos - Colección Ruth Benzacar | |
| 583 | |a last modification |c 20191220 13:26:00 |k cmena | ||
| 650 | 0 | 0 | |a Arte argentino |9 360309 |
| 650 | 0 | 0 | |a Arte contemporáneo |9 338008 |
| 700 | 1 | |a Estol, Leopoldo |e author |9 605525 | |
| 700 | 1 | |a Iglesias, Claudio |e author |9 605526 | |
| 942 | |c BK |2 ddc | ||
| 945 | |a dcastane |d 20191220 13:26:00 | ||
| 952 | |0 0 |1 0 |2 ddc |4 0 |6 750_820000000000000_TAB_2011 |7 0 |9 494963 |a BIBART |b BIBART |d 2019-12-11 |e 14 |g 34558.00 |i 5567629 |o 750.82 TAB 2011 |p 5567629 |r 2025-03-13 |t 1 |v 34558.00 |w 2019-12-11 |y BK | ||